000 00911nam a2200217Ia 4500
001 2606
005 20260422152242.0
008 260306t2020||||xx |||||||||||||| ||spa||
041 _aESP
082 _a617
_bB85 V. 1
100 _aBrunicardi, F. Charles,
_eAUT
245 0 _aPrincipios de cirugía
260 _c2020
300 _avarias paginaciones :
_c28 cm.
650 _aGEN
654 _aCCS
856 _uhttps://0u216xihw-y-https-accessmedicina-mhmedical-com.itmsp.museknowledge.com/book.aspx?bookid=2958
_zVéase además: Schwartz. Principios de cirugía. Versión digital
856 _uhttps://0u216xihw-y-https-accessmedicina-mhmedical-com.itmsp.museknowledge.com/
_zVéase además: Base de datos McGraw Hill Access Medicina
856 _uhttps://0u23fxiq9-y-https-www-clinicalkey-com.itmsp.museknowledge.com/student/login
_zVéase además: Base de datos ClinicalKey
942 _cLIB
_dJUS
_fJUS
_2ddc
999 _c2606
_d2606